[Event "Athens Spring Square op"]
[Site "Athens"]
[Date "2018.05.26"]
[Round "3"]
[White "Panagiotopoulos, Vasilios"]
[Black "Ilandzis, Spyridon"]
[Result "0-1"]
[WhiteElo "1849"]
[BlackElo "2030"]
[PlyCount "42"]
[EventDate "2018.05.12"]
[EventType "swiss"]
[EventRounds "7"]
[EventCountry "GRE"]
[SourceTitle "EXT 2019"]
[Source "ChessBase"]
[SourceDate "2018.10.10"]
[SourceVersion "1"]
[SourceVersionDate "2018.10.10"]
[SourceQuality "1"]

1. e4 d5 2. exd5 Qxd5 3. Nc3 Qa5 4. d4 Nf6 5. Bc4 Bg4 6. f3 Bh5 7. Nge2 e6 8. Ng3 Bg6 9. 0-0 Nc6 10. f4 0-0-0 11. f5 exf5 12. Be3 Ng4 13. Bg5 Rxd4 14. Bd3 Bd6 15. Nxf5 Bxh2+ 16. Kh1 Re8 17. Nxd4 Qxg5 18. Bf5+ Bxf5 19. Rxf5 Qh4 20. g3 Bxg3+ 21. Kg2 Ne3+ 0-1

[Event "Athens Iraklion op 19th"]
[Site "Athens"]
[Date "2016.06.21"]
[Round "4"]
[White "Panagiotopoulos, Vasilios"]
[Black "Korniotis, Filippos"]
[Result "0-1"]
[WhiteElo "1929"]
[BlackElo "2095"]
[PlyCount "82"]
[EventDate "2016.06.18"]
[EventType "swiss"]
[EventRounds "9"]
[EventCountry "GRE"]
[SourceTitle "CBM 173 Extra"]
[Source "ChessBase"]
[SourceDate "2016.08.29"]
[SourceVersion "1"]
[SourceVersionDate "2016.08.29"]
[SourceQuality "1"]

1. e4 e6 2. d4 d5 3. e5 c5 4. c3 Nc6 5. Nf3 Qb6 6. a3 f6 7. Bd3 fxe5 8. dxe5 Nh6 9. 0-0 g6 10. c4 d4 11. Nbd2 Bg7 12. Ne4 Nf7 13. b4 0-0 14. Nxc5 Nfxe5 15. Nxe5 Nxe5 16. f4 Nxd3 17. Qxd3 a5 18. Bb2 axb4 19. axb4 Rxa1 20. Bxa1 Qxb4 21. Bxd4 Rd8 22. Nb3 b5 23. Rc1 Bxd4+ 24. Nxd4 Qc5 25. Rd1 bxc4 26. Qc3 Bb7 27. Kf1 Be4 28. Rd2 Qd6 29. Qxc4 Qxf4+ 30. Rf2 Bd5 31. Qc3 Bxg2+ 32. Kxg2 Qxd4 33. Qg3 Qd5+ 34. Kh3 e5 35. Qh4 Qd3+ 36. Kg2 Rd4 37. Rf8+ Kxf8 38. Qf6+ Kg8 39. Qe6+ Kg7 40. Qe7+ Kh6 41. Qf8+ Kh5 0-1

[Event "Nikaia op 21st"]
[Site "Nikaia"]
[Date "2013.08.30"]
[Round "5"]
[White "Panagiotopoulos, Vasilios"]
[Black "Petougias, Georgios"]
[Result "1-0"]
[WhiteElo "2066"]
[BlackElo "1892"]
[PlyCount "101"]
[EventDate "2013.08.26"]
[EventType "swiss"]
[EventRounds "9"]
[EventCountry "GRE"]
[SourceTitle "CBM 156 Extra"]
[Source "ChessBase"]
[SourceDate "2013.10.22"]
[SourceVersion "1"]
[SourceVersionDate "2013.10.22"]
[SourceQuality "1"]

1. e4 c5 2. c3 d5 3. exd5 Qxd5 4. d4 Nc6 5. Nf3 Bg4 6. Be2 e6 7. h3 Bh5 8. c4 Qd7 9. g4 Bg6 10. d5 Nd4 11. Nxd4 cxd4 12. Qxd4 Bxb1 13. Rxb1 Bb4+ 14. Bd2 Bxd2+ 15. Qxd2 0-0-0 16. 0-0 h5 17. Qf4 Nf6 18. g5 e5 19. Qe3 Ng4 20. hxg4 hxg4 21. Qg3 f5 22. gxf6 gxf6 23. Bxg4 f5 24. Qxe5 Rdg8 25. f3 Qh7 26. Kf2 fxg4 27. Rh1 Qc2+ 28. Ke3 gxf3 29. Rxh8 Qe2+ 30. Kf4 Qxe5+ 31. Kxe5 Rxh8 32. Ke4 Rh4+ 33. Kd3 Kd7 34. Rf1 Rh2 35. Kc3 f2 36. Kd2 Kd6 37. Ke2 b5 38. cxb5 Kxd5 39. Rxf2 Rh7 40. Kd3 Rh3+ 41. Kc2 Kc4 42. a4 Rh4 43. b3+ Kb4 44. Kb2 Ka5 45. Ka3 Kb6 46. Rf6+ Kb7 47. a5 Rg4 48. Rf7+ Kb8 49. Rf8+ Kb7 50. b4 Rg6 51. a6+ 1-0

[Event "Fysiolatriko op 10th"]
[Site "Renti"]
[Date "2012.06.18"]
[Round "5.3"]
[White "Karagiannis, Athanasios"]
[Black "Panagiotopoulos, Vasilios"]
[Result "1-0"]
[WhiteElo "2298"]
[BlackElo "2064"]
[PlyCount "59"]
[EventDate "2012.06.14"]
[EventType "swiss"]
[EventRounds "8"]
[EventCountry "GRE"]
[SourceTitle "EXT 2024"]
[Source "ChessBase"]
[SourceDate "2023.10.10"]
[SourceVersion "1"]
[SourceVersionDate "2023.10.10"]
[SourceQuality "1"]

1. b3 d5 2. Bb2 c6 3. e3 Nd7 4. f4 Ngf6 5. Nf3 e6 6. Bd3 Nc5 7. Be2 Be7 8. 0-0 0-0 9. Qe1 Nfe4 10. d3 Bf6 11. Ne5 Nd6 12. Nc3 Bxe5 13. fxe5 Nf5 14. Nd1 d4 15. e4 Nh4 16. Qf2 Nd7 17. Bxd4 Ng6 18. Qg3 c5 19. Bb2 Qc7 20. Ne3 Ndxe5 21. h4 f5 22. exf5 exf5 23. Nd5 Qd8 24. c4 f4 25. Nxf4 Nxf4 26. Rxf4 Rxf4 27. Qxf4 Ng6 28. Qe3 Qxh4 29. Qe8+ Nf8 30. Rf1 1-0

[Event "Fysiolatriko op 10th"]
[Site "Renti"]
[Date "2012.06.16"]
[Round "4.3"]
[White "Panagiotopoulos, Vasilios"]
[Black "Alexakis, Dimitrios"]
[Result "1-0"]
[WhiteElo "2064"]
[BlackElo "2181"]
[PlyCount "69"]
[EventDate "2012.06.14"]
[EventType "swiss"]
[EventRounds "8"]
[EventCountry "GRE"]
[SourceTitle "EXT 2024"]
[Source "ChessBase"]
[SourceDate "2023.10.10"]
[SourceVersion "1"]
[SourceVersionDate "2023.10.10"]
[SourceQuality "1"]

1. e4 d5 2. exd5 Qxd5 3. Nf3 Nf6 4. d4 Bf5 5. Be3 e6 6. Nbd2 Nbd7 7. Bc4 Qa5 8. 0-0 c6 9. Bb3 Qc7 10. Nc4 Be7 11. Nfe5 Nxe5 12. Nxe5 Bd6 13. Bf4 0-0 14. Re1 Rad8 15. Qf3 Nd7 16. Rad1 a5 17. g4 Bxe5 18. Rxe5 Bg6 19. Rxe6 Qb6 20. Re7 Qb4 21. Rde1 a4 22. c3 Qb5 23. Bc7 axb3 24. a4 Qxa4 25. Bxd8 Rxd8 26. Rxd7 Rf8 27. Rxb7 Qa2 28. h4 f6 29. Qxc6 Qxb2 30. Qc4+ Kh8 31. h5 Qd2 32. Qe2 Qxe2 33. Rxe2 Bc2 34. Ree7 Rc8 35. c4 1-0

[Event "Athens op 03-A"]
[Site "Athens"]
[Date "2012.03.20"]
[Round "3"]
[White "Kontopoulos, Dimitrios"]
[Black "Panagiotopoulos, Vasilios"]
[Result "1-0"]
[WhiteElo "2023"]
[BlackElo "2073"]
[PlyCount "65"]
[EventDate "2012.03.06"]
[EventType "swiss"]
[EventRounds "7"]
[EventCountry "GRE"]
[SourceTitle "EXT 2014"]
[Source "ChessBase"]
[SourceDate "2013.11.20"]
[SourceVersion "1"]
[SourceVersionDate "2013.11.20"]
[SourceQuality "1"]

1. e4 c5 2. Nf3 d6 3. d4 cxd4 4. Nxd4 Nf6 5. Nc3 a6 6. Bg5 e6 7. f4 Be7 8. Qf3 h6 9. Bh4 g5 10. fxg5 Nfd7 11. Bg3 Ne5 12. Qe2 Bxg5 13. h4 Bf6 14. 0-0-0 Nbc6 15. Qd2 Nd3+ 16. Qxd3 Bxd4 17. e5 dxe5 18. Be2 Qa5 19. Ne4 Qxa2 20. c3 Nb4 21. Qb1 Be3+ 22. Nd2 Qb3 23. cxb4 Bd7 24. Bxe5 Rc8+ 25. Bc3 Ba4 26. Qd3 Ke7 27. Kb1 Bxd2 28. Qxd2 Rhd8 29. Qc1 e5 30. Bg4 Rc7 31. Rxd8 Kxd8 32. Bd1 Qd5 33. Bxa4 1-0

[Event "Athens op 01-A"]
[Site "Athens"]
[Date "2012.02.21"]
[Round "7"]
[White "Panagiotopoulos, Vasilios"]
[Black "Azis Azizis, Ektoras"]
[Result "0-1"]
[WhiteElo "2056"]
[BlackElo "2273"]
[PlyCount "54"]
[EventDate "2012.01.10"]
[EventType "swiss"]
[EventRounds "7"]
[EventCountry "GRE"]
[SourceTitle "EXT 2014"]
[Source "ChessBase"]
[SourceDate "2013.11.20"]
[SourceVersion "1"]
[SourceVersionDate "2013.11.20"]
[SourceQuality "1"]

1. e4 e5 2. Nf3 Nf6 3. d4 Nxe4 4. Bd3 d5 5. Nxe5 Nd6 6. 0-0 Be7 7. Qh5 Be6 8. Re1 Nd7 9. Bg5 Bxg5 10. Nxf7 Nxf7 11. Rxe6+ Kf8 12. Nc3 g6 13. Qf3 c6 14. Rae1 Kg7 15. Qg3 Nf8 16. Re8 Qxe8 17. Rxe8 Rxe8 18. Ne2 Ne6 19. h4 Bf6 20. c3 Be7 21. Bf5 Bd6 22. f4 Nh6 23. Bd3 Rhf8 24. h5 Nxf4 25. Nxf4 Bxf4 26. Qh3 Re1+ 27. Kf2 Bd2+ 0-1

[Event "Athens Smaok 1900+ op 9th"]
[Site "Athens"]
[Date "2011.02.24"]
[Round "6.5"]
[White "Panagiotopoulos, Vasilios"]
[Black "Tepelenis, Nikolaos"]
[Result "1/2-1/2"]
[WhiteElo "1994"]
[BlackElo "2204"]
[PlyCount "63"]
[EventDate "2011.01.18"]
[EventType "swiss"]
[EventRounds "7"]
[EventCountry "GRE"]
[SourceTitle "EXT 2024"]
[Source "ChessBase"]
[SourceDate "2023.10.10"]
[SourceVersion "1"]
[SourceVersionDate "2023.10.10"]
[SourceQuality "1"]

1. e4 e6 2. d4 d5 3. e5 c5 4. c3 Nc6 5. Nf3 Bd7 6. a3 f6 7. Bd3 Nh6 8. b4 c4 9. Bc2 Nf7 10. Qe2 Qc7 11. Bf4 g5 12. Bg3 g4 13. Nh4 fxe5 14. Qxg4 0-0-0 15. Qf3 Be8 16. Qf6 Qe7 17. Bxe5 Nfxe5 18. dxe5 Qxf6 19. exf6 Bh6 20. Nf3 Bh5 21. Nbd2 Rdf8 22. b5 Nb8 23. Nd4 Rxf6 24. N2f3 Rg8 25. Kf1 Rgf8 26. Re1 Bd2 27. Nxe6 Bxe1 28. Nxf8 Bxc3 29. Nxh7 Rb6 30. Bf5+ Kc7 31. g4 Bf7 32. a4 1/2-1/2

[Event "Ambelokipi op 107th"]
[Site "Athens"]
[Date "2010.09.11"]
[Round "1"]
[White "Arvanitakis, Panagiotis"]
[Black "Panagiotopoulos, Vasilios"]
[Result "0-1"]
[WhiteElo "1496"]
[BlackElo "2016"]
[PlyCount "100"]
[EventDate "2010.09.11"]
[EventType "swiss"]
[EventRounds "7"]
[EventCountry "GRE"]
[SourceTitle "EXT 2024"]
[Source "ChessBase"]
[SourceDate "2023.10.10"]
[SourceVersion "1"]
[SourceVersionDate "2023.10.10"]
[SourceQuality "1"]

1. d3 d5 2. e3 Nf6 3. Nf3 c5 4. Be2 Nc6 5. b3 e5 6. Nfd2 Bd6 7. Bb2 0-0 8. 0-0 Re8 9. c4 d4 10. e4 Ne7 11. Na3 Ng6 12. Nc2 Nf4 13. a3 Bd7 14. b4 Ba4 15. Nf3 Bxc2 16. Qxc2 cxb4 17. axb4 Bxb4 18. Rfb1 Qd6 19. Bf1 a5 20. g3 Ne6 21. Qa4 Nc5 22. Qc2 Nfd7 23. Ba3 Bxa3 24. Rxa3 b6 25. Raa1 Na6 26. Nh4 Nb4 27. Qa4 Nc5 28. Nf5 Qe6 29. Qb5 g6 30. Nh4 Rab8 31. Ra3 Qc6 32. Qxc6 Nxc6 33. Rb5 Nb4 34. f4 f6 35. Kf2 Nca6 36. Rb3 Nc7 37. Bh3 Nxb5 38. cxb5 Re7 39. fxe5 fxe5 40. Nf3 Rf8 41. Ke2 h6 42. Rb1 Na2 43. Rf1 Nc3+ 44. Kd2 Kg7 45. Bg2 Ref7 46. Ke1 Nxb5 47. Nxe5 Rxf1+ 48. Bxf1 a4 49. Bh3 a3 50. Be6 Re8 0-1

[Event "Athens Kaissa op 1st"]
[Site "Athens"]
[Date "2009.09.24"]
[Round "4.4"]
[White "Kostouros, Alexandros"]
[Black "Panagiotopoulos, Vasilios"]
[Result "1-0"]
[WhiteElo "2222"]
[BlackElo "1972"]
[PlyCount "125"]
[EventDate "2009.09.13"]
[EventType "swiss"]
[EventRounds "7"]
[EventCountry "GRE"]
[SourceTitle "EXT 2024"]
[Source "ChessBase"]
[SourceDate "2023.10.10"]
[SourceVersion "1"]
[SourceVersionDate "2023.10.10"]
[SourceQuality "1"]

1. e4 c5 2. c3 b6 3. d4 Bb7 4. Bd3 Nf6 5. Qe2 cxd4 6. cxd4 Nc6 7. d5 Ne5 8. Bc2 Qc8 9. f4 Ba6 10. Qd1 Qc4 11. fxe5 Qf1+ 12. Kd2 Qf4+ 13. Ke1 Qf1+ 14. Kd2 Qxg2+ 15. Ne2 g6 16. Qf1 Nxe4+ 17. Ke1 Qg4 18. Bxe4 Qxe4 19. Nbc3 Qxe5 20. Bf4 Qh5 21. Ng3 Qh4 22. Qxa6 Qxf4 23. Rf1 Qe3+ 24. Qe2 Qxe2+ 25. Kxe2 Bg7 26. Kd3 0-0 27. Rac1 Rac8 28. Rc2 f5 29. Re1 Rfe8 30. Nb5 Rxc2 31. Kxc2 a6 32. Nd6 Rd8 33. Rxe7 Bf8 34. Re8 Rxe8 35. Nxe8 Kf7 36. Nc7 Bd6 37. Nxa6 h5 38. Kd3 Kf6 39. Nf1 g5 40. a3 g4 41. Nb4 h4 42. Nc2 Kg5 43. Nd4 Be5 44. b4 h3 45. Ne2 b5 46. Nd4 Kf4 47. Ng3 d6 48. Ndxf5 Kf3 49. Nf1 Kg2 50. N5e3+ Kf3 51. Nd2+ Kf4 52. Nef1 Bb2 53. a4 bxa4 54. b5 Ba3 55. b6 Bc5 56. b7 Ba7 57. Kc4 Ke5 58. Ne3 Kf4 59. Ndf1 Kf3 60. Kb5 g3 61. hxg3 h2 62. Nxh2+ Kxe3 63. Kxa4 1-0

[Event "Aegean op 30th"]
[Site "Aghios Kirykos"]
[Date "2007.07.13"]
[Round "8"]
[White "Roos, Michael"]
[Black "Panagiotopoulos, Vasilios"]
[Result "1-0"]
[WhiteElo "2378"]
[BlackElo "2030"]
[PlyCount "65"]
[EventDate "2007.07.07"]
[EventType "swiss"]
[EventRounds "9"]
[EventCountry "GRE"]
[SourceTitle "EXT 2024"]
[Source "ChessBase"]
[SourceDate "2023.10.10"]
[SourceVersion "1"]
[SourceVersionDate "2023.10.10"]
[SourceQuality "1"]

1. d4 b5 2. e4 Bb7 3. Bxb5 Bxe4 4. Nf3 a6 5. Ba4 Nf6 6. 0-0 Bc6 7. Bb3 e6 8. c4 Be7 9. d5 exd5 10. cxd5 Bb7 11. Nc3 0-0 12. Re1 h6 13. Nd4 Bc5 14. Be3 d6 15. Qf3 Nbd7 16. Qg3 Nh5 17. Qh3 Nf4 18. Qf3 Ng6 19. Nf5 Bxe3 20. Rxe3 Nde5 21. Qg3 Qg5 22. Qxg5 hxg5 23. Ne4 g4 24. Rc1 Bc8 25. Nd4 Ra7 26. Rec3 f5 27. Ng5 Re8 28. g3 Re7 29. Bc2 Nf7 30. Nc6 Nxg5 31. Nxa7 Nf3+ 32. Rxf3 gxf3 33. Nxc8 1-0